00261nam a2200109Ia 4500003000400000008004100004040001600045082001800061245005600079300001100135490000500146GCL140319s9999 xx 000 0 ara d aGCL / cGCL04a813.03bم ا10aاجمل الكلمات لم اهمس بها بعد a131 ص a